Music Quiz

Random Music or Album Quiz

Album Covers Redone With Emoji Quiz Stats

 Plays Quiz Updated Jun 24, 2015

Also try: Movies by Emoji
Challenge
Share
Tweet
Score 0/20 Timer 06:00
0 Plays Today
% Correct
Nirvana - Nevermind
93.9%
Pink Floyd - Dark Side Of The Moon
89.9%
The Beatles - Abbey Road
83.3%
Daft Punk - Random Access Memories
63.2%
Blink 182 - Enema Of The State
53.4%
Metallica - Master Of Puppets
49.5%
Green Day - Dookie
39.7%
Red Hot Chili Peppers - Californication
39.5%
Coldplay - A Rush Of Blood To The Head
38.4%
Drake - Nothing Was The Same
35.9%
% Correct
Linkin Park - Hybrid Theory
33.7%
Smashing Pumpkins - Mellon Collie and the Infinite Sadness
32.8%
Kanye West - Graduation
31.7%
Arctic Monkeys - AM
30.9%
MGMT - Oracular Spectacular
26.2%
Childish Gambino - Because The Internet
25.4%
Queen - News Of The World
22.1%
Radiohead - Hail To The Thief
16.5%
Blue Öyster Cult - Agents Of Fortune
15.8%
Gorillaz - Plastic Beach
9.2%

You're not logged in!

Compare scores with friends on all Sporcle quizzes.
OR
Log In

You Might Also Like...

Show Comments

Extras

Top Quizzes Today


Score Distribution

Your Account Isn't Verified!

In order to create a playlist on Sporcle, you need to verify the email address you used during registration. Go to your Sporcle Settings to finish the process.

Report this User

Report this user for behavior that violates our Community Guidelines.

Details: